000 00684nas a2200241 4500
001 BR7704662
003 BR-BrBNA
005 20231205083236.0
007 ta
008 230509b bl.|||p| |||| 00| 00por d
040 _aBR-BrBNA
_bpor
_cBiblioteca Nacional de Agricultura
041 _a(Pt)
072 _aL70
100 1 _aCorrea, I.R.
245 1 _aO manejo sanitario do gado de corte [vacina, imunidade]
650 _aGADO DE CORTE
650 _aHIGIENE VETERINARIA
650 _aIMUNIZACAO
650 _aVACINA
773 0 _tGranja (Brazil)
_xISSN 0367-505X
_g(Jan 1977), v. 33(348) p. 20-24
_wBR7704662
909 _a202311
_bLúcia
_c55
_dLúcia Elande
942 _2AGRIS
_n0
_cANA
999 _c97411
_d97411